Datum a čas kvízu

42 Celkem bodů Celkový počet nahraných bodů na tomto kvízu bez doplňovacích otázek.
1. Pořadí na kvízu Konečné umístění týmu na tomto kvízu.

Zaznamenané odpovědi

# Otázka Odpověď Body Výsledky
1. Vláda ve středu večer slavnost... začátek II. světové války – 1938 místo 1939 1
2. Minulý týden bylo rozhodnuto o... Julian Assange 1
3. Jedna z hlavních postav animov... (Buzz) Rakeťák 1
4. Společnost Apple následovala m... Ulož.to 1
5. Český svaz ledního hokeje má o... Alois Hadamczik 1
6. V následujících pěti otázkách... Vykoupení z věznice Shawshank; Tim Robbins a Morgan Freeman 0.5
7. Francouzská komedie Drž hubu!... Ruby, Quentin 1
8. V roce 2013 byl natočen životo... James Hunt, Niki Lauda 1
9. Herci Zdeněk Svěrák a Daniela... Na samotě u lesa, Akumulátor I, Vratné lahve, Betlémské světlo 0.5
10. Jak se jmenují dva herečtí pře... Jiří Macháček, Marek Taclík 1